01483nam a2200157 a 4500008004100000020001800041041000800059100002500067245005000092250001100142260003900153300002000192500009000212505101100302655001201313 t2015 ag |||g |||| 001 0 spa d a9789507318580 aspa1 aGorodischer, Violeta aSueños a 90 centavos /cVioleta Gorodischer a1a ed. aBuenos Aires:bSeix Barral;c2015. a129 p.b23x13cm aGorodischer, V. (2015). Sueños a 90 centavos. (1a ed.). Buenos Aires : Seix Barral. aEncuentros, desencuentros, ilusiones y desilusiones: ambientados en un contexto urbano y actual, los relatos de Sueños a 90 centavos componen un retrato fiel, sutil y divertido de la clase media en una ciudad globalizada. Con situaciones tan disparatadas como reales, Violeta Gorodischer explora distintas voces para poner en escena las preocupaciones de un sector de la sociedad frente a un mundo en permanente cambio. Un mundo en el que, paradójicamente, la herencia de las décadas pasadas sigue jugando una influencia determinante. Con una escritura fresca, ágil y al mismo tiempo contundente, los personajes que protagonizan las historias incluyen a una apática pareja que respira únicamente a través de su mascota, dos jóvenes y afiebrados artistas plásticos de vanguardia que viven un apasionado romance, una aprendiz de periodismo y un periodista estrella que atraviesan una singular experiencia y un escritor cuyas vida y obra se transforma simbióticamente, entre muchos otros.  aCuentos